Wiadomości z 2016 roku – Podaj nazwę państwa - Statystyki

Ogólne statystyki
  • Ten quiz został rozwiązany 1 361 razy
  • Średni wynik to 9 z 17
Statystyki odpowiedzi
Pytanie Państwo % Poprawnych
Donald Trump został wybrany na prezydenta Stany Zjednoczone
99%
Polityka jednego dziecka dobiegła końca Chiny
86%
Obywatele zagłosowali za opuszczeniem Unii Europejskiej Wielka Brytania
80%
Hakerzy z tego państwa są oskarżeni o próbę wpłynięcia na wybory w USA Rosja
77%
Nieudany zamach stanu przeciwko prezydentowi Erdoğanowi Turcja
77%
Sankcje ONZ zostały zniesione po tym, jak to państwo zgodził się ograniczyć swój program nuklearny Iran
71%
ONZ uchwalił kolejną rezolucję przeciwko temu państwu po kolejnym teście nuklearnym Korea Północna
66%
W ramach walki z praniem pieniędzy wszystkie banknoty o nominale 500 i 1000 rupii nagle stały się nieważne Indie
64%
Inflacja przekroczyła 100%, brakuje żywności i papieru toaletowego Wenezuela
59%
Po 50 latach wznowione zostaną loty komercyjne między USA a tym państwem Kuba
47%
Interweniując w wojnie domowej, rosyjskie samoloty bombardują największe miasto tego kraju Syria
47%
Ten kraj może teraz zostać pozwany przed sądami USA za terroryzm z 11 września Arabia Saudyjska
44%
Prezydent Dilma Rousseff postawiona w stan oskarżenia Brazylia
28%
Król Bhumibol zmarł w wieku 88 lat Tajlandia
21%
Obywatele zagłosowali przeciwko pokojowemu porozumieniu z rebeliantami FARC Kolumbia
17%
Prezydent zachęcał obywateli do zabijania handlarzy narkotyków Filipiny
14%
Wyciekłe dokumenty ujawniają, jak kancelaria prawna w tym kraju pomogła globalnej elicie prać pieniądze Panama
12%
Nie znaleziono quizów pasujących do podanych kryteriów
Rozkład punktacji
Procent ludzi z każdym wynikiem
Percentyl według liczby udzielonych odpowiedzi
Twoja historia wyników
Nie rozwiązałeś tego quizu